LEADER 01264nam a2200337 i 4500 001 991000949049707536 005 20020507180421.0 008 960911s1975 de ||| | eng 020 $a3540074171 035 $ab10779966-39ule_inst 035 $aLE01304748$9ExL 040 $aDip.to Matematica$beng 082 0 $a514.3 084 $aAMS 54-06 084 $aAMS 54-XX 084 $aAMS 54E35 084 $aQA3.L28 100 1 $aKelly, L. M.$0440705 245 14$aThe geometry of metric and linear spaces :$bproceedings of a conference held at Michigan State University, East Lansing, June 17-19, 1974 /$cedited by L. M. Kelly 260 $aBerlin :$bSpringer-Verlag,$c1975 300 $ax, 244 p. ;$c25 cm 490 0 $aLecture notes in mathematics,$x0075-8434 ;$v490 500 $aIncludes bibliographical references and index 650 0$aGeneral topology$xCongresses 650 0$aMetric spaces$xCongresses 907 $a.b10779966$b23-02-17$c28-06-02 912 $a991000949049707536 945 $aLE013 54-XX KEL21 (1975)$g1$i2013000059563$lle013$o-$pE0.00$q-$rl$s- $t0$u0$v0$w0$x0$y.i10879389$z28-06-02 996 $aGeometry of metric and linear spaces$9921849 997 $aUNISALENTO 998 $ale013$b01-01-96$cm$da $e-$feng$gde $h4$i1 LEADER 04356nam 22008775 450 001 9910974938303321 005 20250609111224.0 010 $a9781349502172 010 $a1349502170 010 $a9781137478092 010 $a1137478098 024 7 $a10.1057/9781137478092 035 $a(CKB)3710000000330268 035 $a(EBL)1913578 035 $a(SSID)ssj0001405752 035 $a(PQKBManifestationID)12610908 035 $a(PQKBTitleCode)TC0001405752 035 $a(PQKBWorkID)11392799 035 $a(PQKB)10313607 035 $a(SSID)ssj0001617857 035 $a(PQKBManifestationID)16347921 035 $a(PQKBTitleCode)TC0001617857 035 $a(PQKBWorkID)14919785 035 $a(PQKB)11071921 035 $a(MiAaPQ)EBC1913578 035 $a(DE-He213)978-1-137-47809-2 035 $a(Perlego)3488864 035 $a(MiAaPQ)EBC4309832 035 $a(iGPub)SPNA0030915 035 $a(EXLCZ)993710000000330268 100 $a20151201d2014 u| 0 101 0 $aeng 135 $aur|n|---||||| 181 $ctxt 182 $cc 183 $acr 200 10$aLeadership in Colonial Africa $eDisruption of Traditional Frameworks and Patterns /$fedited by B. Jallow 205 $a1st ed. 2014. 210 1$aNew York :$cPalgrave Macmillan US :$cImprint: Palgrave Macmillan,$d2014. 215 $a1 online resource (205 p.) 225 1 $aPalgrave Studies in African Leadership,$x2945-6681 300 $aDescription based upon print version of record. 311 08$a9781322577982 311 08$a1322577986 311 08$a9781137477958 311 08$a1137477954 320 $aIncludes bibliographical references at the end of each chapters and index. 327 $aCover; Title; Copyright; Contents; Preface; Chapter 1 The Case for African Leadership Studies and Leadership in Colonial Africa: An Introduction; Chapter 2 Chiefs and Protectorate Administration in Colonial Gambia, 1894-1965; Chapter 3 Human Rights and National Liberation: The Anticolonial Politics of Nnamdi Azikiwe; Chapter 4 The Diplomatic Achievements of Amilcar Cabral: A Case Study of Effective Leadership in a Small African State; Chapter 5 The Warrior and the Wizard: The Leadership Styles of Josiah Tongogara and Robert Mugabe during Zimbabwe's Liberation Struggle 327 $aChapter 6 Voortrekker or State Builder? John Vorster and the Challenges of Leadership in the Apartheid StateChapter 7 Leadership and Liberation: Southern African Reflections; Chapter 8 Leadership for Democracy and Peace: W. E. B. Du Bois's Legacy as a Pan-African Intellectual; List of Contributors; Index 330 $aTaken together, the chapters in this book represent a tapestry of leadership frameworks and cultures in colonial Africa. Scholars across disciplines explore the nature and evolution of leadership born of the colonial encounter between white colonialists and native Africans as well as the leadership that ultimately led to independence. Leadership in Colonial Africa highlights colonial disruptions of traditional leadership patterns in Africa and how African leaders, traditional and nationalist, reacted to these disruptions. Jallow examines the emergence of modern leadership cultures in Africa and argues that leadership studies theory may usefully be deployed in the study of African leadership. 410 0$aPalgrave Studies in African Leadership,$x2945-6681 606 $aInternational business enterprises 606 $aStrategic planning 606 $aLeadership 606 $aManagement 606 $aInternational economic relations 606 $aInternational Business 606 $aBusiness Strategy and Leadership 606 $aManagement 606 $aInternational Economics 615 0$aInternational business enterprises. 615 0$aStrategic planning. 615 0$aLeadership. 615 0$aManagement. 615 0$aInternational economic relations. 615 14$aInternational Business. 615 24$aBusiness Strategy and Leadership. 615 24$aManagement. 615 24$aInternational Economics. 676 $a303.3/4096 676 $a303.34096 702 $aJallow$b Baba Galleh$4edt$4http://id.loc.gov/vocabulary/relators/edt 906 $aBOOK 912 $a9910974938303321 996 $aLeadership in Colonial Africa$94331891 997 $aUNINA LEADER 02724oam 2200661I 450 001 9910973450203321 005 20251116233311.0 010 $a1-134-11221-1 010 $a1-134-11214-9 010 $a0-203-40551-X 024 7 $a10.4324/9780203405512 035 $a(CKB)2560000000102184 035 $a(EBL)1207525 035 $a(SSID)ssj0000887070 035 $a(PQKBManifestationID)12429152 035 $a(PQKBTitleCode)TC0000887070 035 $a(PQKBWorkID)10840744 035 $a(PQKB)11397424 035 $a(MiAaPQ)EBC1207525 035 $a(Au-PeEL)EBL1207525 035 $a(CaPaEBR)ebr10717476 035 $a(CaONFJC)MIL494985 035 $a(OCoLC)847140910 035 $a(OCoLC)849787053 035 $a(FINmELB)ELB132057 035 $a(EXLCZ)992560000000102184 100 $a20180706d2013 uy 0 101 0 $aeng 135 $aur|n|---||||| 181 $ctxt 182 $cc 183 $acr 200 10$aCatalysts for change $etwenty-first century philanthropy and community development /$fMaria Martinez-Cosio and Mirle Rabinowitz Bussell 205 $a1st ed. 210 1$aNew York City :$cRoutledge,$d2013. 215 $a1 online resource (356 p.) 225 1 $aCommunity development research and practice ;$vv. 2 300 $aDescription based upon print version of record. 311 08$a0-415-68323-8 311 08$a0-415-68322-X 320 $aIncludes bibliographical references and index. 327 $apt.1. The scope and scale of philanthropic investment in community development -- pt. 2. Lessons from the field. 330 $a21st Century Philanthropy and Community fills a gap in the literature on philanthropic organizations and how they intertwine with community development. Drawing first on the history of philanthropic funding, Maria Martinez-Cosio and Mirle Bussell look at developments in the last twenty years in detail, focussing on five key case studies from across America. The authors use their own first hand experiences and research to forge a new path for academic research in an area where it has been lacking. With the current economic climate forcing shrewd spending, foundations need al 410 0$aCommunity development research and practice series ;$vv. 2. 606 $aCharity organization 606 $aCommunity development 615 0$aCharity organization. 615 0$aCommunity development. 676 $a307.1/4 700 $aMartinez-Cosio$b Maria$01881120 701 $aRabinowitz Bussell$b Mirle Dora$f1965-$01899957 801 0$bMiAaPQ 801 1$bMiAaPQ 801 2$bMiAaPQ 906 $aBOOK 912 $a9910973450203321 996 $aCatalysts for change$94559621 997 $aUNINA